000
00284nam a2200121Ia 4500
008
190216s9999||||xx |||||||||||||| ||und||
100
_a
Surjeeth Singh
245
0
_a
Modern Algebra
250
_a
3RD EDITION
260
_b
Vikas Publishing House
650
_a
Mathematics
942
_c
BK
999
_c
30659
_d
30659